Loading...
| Science - Biology | 1 | 2 | 0 | 0 | 35 | 75 | 101.67 | 3 | 3 | 0.00 | 0.00 |
| Current Events | 1 | 2 | 0 | 0 | 35 | 35 | 64.00 | 3 | 3 | 0.00 | 0.00 |
| History - European | 2 | 0 | 0 | 0 | 30 | 41 | 55.50 | 2 | 2 | 0.00 | 0.00 |
| Science - Other | 0 | 3 | 0 | 1 | 30 | 94 | 117.33 | 2 | 3 | 0.00 | 0.00 |
| History - American | 1 | 2 | 1 | 0 | 30 | 61 | 93.67 | 1 | 3 | 0.00 | 0.00 |
| Science - Chemistry | 0 | 3 | 0 | 1 | 30 | 113 | 126.00 | 1 | 3 | 0.00 | 0.00 |
| History - World | 2 | 0 | 2 | 0 | 20 | 46 | 48.50 | 2 | 2 | 0.00 | 0.00 |
| Mythology | 1 | 0 | 0 | 0 | 15 | 50 | 50.00 | 1 | 1 | 0.00 | 0.00 |
| Social Science | 0 | 1 | 0 | 0 | 10 | 98 | 98.00 | 1 | 1 | 0.00 | 0.00 |
| Fine Arts - Other | 0 | 1 | 0 | 1 | 10 | 127 | 127.00 | 1 | 1 | 0.00 | 0.00 |
| History - Other | 1 | 0 | 1 | 0 | 10 | 56 | 56.00 | 1 | 1 | 0.00 | 0.00 |
| Philosophy | 0 | 1 | 0 | 1 | 10 | 145 | 145.00 | 0 | 1 | 0.00 | 0.00 |
| Short Fiction and Other | 0 | 1 | 0 | 1 | 10 | 148 | 148.00 | 1 | 1 | 0.00 | 0.00 |
| Literature - Drama | 0 | 1 | 1 | 0 | 5 | 97 | 97.00 | 0 | 1 | 0.00 | 0.00 |
| Literature - Poetry | 0 | 1 | 2 | 0 | 0 | 126 | 126.00 | 0 | 1 | 0.00 | 0.00 |
| Literature - Long Fiction | 0 | 0 | 1 | 0 | -5 | 0.00 | 0 | 0 | 0.00 | 0.00 | |
| Science - Physics | 0 | 0 | 1 | 0 | -5 | 0.00 | 0 | 0 | 0.00 | 0.00 | |
| Fine Arts - Painting and Sculpture | 0 | 0 | 1 | 0 | -5 | 0.00 | 0 | 0 | 0.00 | 0.00 | |
| Religion | 0 | 0 | 1 | 0 | -5 | 0.00 | 0 | 0 | 0.00 | 0.00 |